Predalpske pokrajine - reke - Statystyki

Ogólne statystyki
  • Ten quiz został rozwiązany 4 razy
  • Średni wynik to 3 z 14
Statystyki odpowiedzi
Reke % Poprawnych
Drava
100%
Sava
100%
Dreta
33%
Mislinja
33%
Savinja
33%
Sora
33%
Bača
0%
Hudinja
0%
Idrijca
0%
Kamniška bistrica
0%
Kokra
0%
Ljubljanica
0%
Paka
0%
Tržiška bistrica
0%
Nie znaleziono quizów pasujących do podanych kryteriów
Rozkład punktacji
Procent ludzi z każdym wynikiem
Percentyl według liczby udzielonych odpowiedzi
Twoja historia wyników
Nie rozwiązałeś tego quizu